| 000 | 00362nam a22001337a 4500 | ||
|---|---|---|---|
| 008 | 181218b xxu||||| |||| 00| 0 eng d | ||
| 020 | _a9780205145867 | ||
| 041 | _aeng | ||
| 080 | _a159.9 | ||
| 100 | _a49 | ||
| 101 | _aPSI | ||
| 245 |
_aCognitive and Behavioral Interventions An Empirical Approach to Mental Health Problems _cCraighead,L.W |
||
| 942 |
_2udc _cBK |
||
| 999 |
_c53371 _d53371 |
||